| 000 | 01422nam a2200253 i 4500 | ||
|---|---|---|---|
| 001 | 189904 | ||
| 003 | ES-MaACL | ||
| 005 | 20230906223603.0 | ||
| 008 | 191223s1975 ne ad |||| | eng d | ||
| 111 | 2 |
_aWorld Conference on Computers in Education ( _n2ª. _d1975. _cMarsella) _9169236 |
|
| 245 | 1 | 0 |
_aComputers in education _b= Informatique et enseignement : IFIP 2nd World Conference = IFIP 2ème Conférence Internationale : conference edition / _cedited by O. Lecarme, R. Lewis ; organized by = organisée par l'Association française pour la cybernétique économique et technique (A.F.C.E.T.) ; with the assistance of = avec le concours de la Direction Générale de l'Industrie (DGI-MIPI) and Intergovernmental Bureau for Informatics (I.B.I.). |
| 246 | 3 | 1 | _aInformatique et enseignement |
| 260 |
_aAmsterdam : _bNorth-Holland, _c[1975] |
||
| 300 |
_a1 t. en 2 v. (1011 p.) : _bil., gráf. ; _c26 cm. |
||
| 500 | _aÍndice. | ||
| 504 | _aReferencias bibliográficas. | ||
| 505 | 8 |
_aContiene: 1 ; _tPart. 1 - 2 ; _tPart. 2 |
|
| 546 | _aTextos en francés e inglés. | ||
| 650 | 4 |
_aEnseñanza asistida por ordenador- _vCongresos y asambleas. _912301 |
|
| 700 | 1 |
_aLecarme, O. _9169237 |
|
| 700 | 1 |
_aLewis, R. _9169238 |
|
| 710 | 2 |
_aAssociation française pour la cybernétique économique et technique. _9169239 |
|
| 852 |
_aES-MaACL _jL-32487-88 _z. - Donat. Ernesto García Camarero (Sello: Archivo E.G.C.) |
||
| 999 |
_c189904 _d189904 |
||